|
|
|
|
| LEADER |
01439nam a2200289 a 4500 |
| 001 |
12017 |
| 003 |
BD-DhAAL |
| 008 |
090701s1992 xxka b 000 0 eng d |
| 999 |
|
|
|c 1954
|d 1954
|
| 010 |
|
|
|a \\\92100002
|
| 020 |
|
|
|a 1855740052
|
| 020 |
|
|
|a 0944142818
|
| 040 |
|
|
|a DLC
|c DLC
|d DLC
|d BD-DhAAL
|
| 082 |
0 |
0 |
|a 720.92
|2 20
|
| 100 |
1 |
|
|a Taylor, Brian Brace.
|9 33625
|
| 245 |
1 |
0 |
|a Raj Rewal /
|c Brian Brace Taylor ; with an essay by Romila Thapar.
|
| 260 |
|
|
|a London ;
|a Ahmedabad, India :
|b Mimar Publications ;
|b Mapin Publishing,
|c c1992.
|
| 300 |
|
|
|a 160 p. :
|b ill. (some col.) ;
|c 28 cm.
|
| 504 |
|
|
|a Includes bibliographical references (p. 159-160).
|
| 541 |
1 |
|
|e 12017, 35182
|
| 600 |
1 |
0 |
|a Rewal, Raj
|x Criticism and interpretation.
|9 33626
|
| 650 |
|
0 |
|a Architecture
|z India
|x History
|y 20th century.
|9 33627
|
| 700 |
1 |
|
|a Thapar, Romila.
|9 33628
|
| 852 |
4 |
|
|a Ayesha Abed Library
|j General shelf
|
| 942 |
|
|
|2 ddc
|c BK
|
| 952 |
|
|
|0 0
|1 0
|2 ddc
|4 0
|6 720_920000000000000_TAY
|7 0
|9 1793
|a BRACUL
|b BRACUL
|c GEN
|d 2009-07-02
|g 0.00
|l 20
|m 95
|o 720.92 TAY
|p 3010012017
|r 2024-10-29
|s 2024-10-23
|t 1
|w 2009-07-02
|y BK
|x No price found in the accession register.
|
| 952 |
|
|
|0 0
|1 1
|2 ddc
|4 0
|6 720_920000000000000_TAY
|7 0
|9 66066
|a ARC
|b ARC
|c GEN
|d 2019-08-27
|e Complimentary copy
|l 0
|o 720.92 TAY
|p 3010035182
|r 2019-08-27
|t 2
|w 2019-08-27
|y BK
|x lost from the ARC department library and approved by the Dean (reasons personal books withdrawn by Hasibul Kabir Sir and Building shifting)
|